Diversiones matemáticas : (Record no. 142059)

MARC details
000 -CABECERA
campo de control de longitud fija 00564nam a2200181 a 4500
005 - FECHA Y HORA DE LA ÚLTIMA TRANSACCIÓN
campo de control 20220818063526.0
008 - ELEMENTOS DE LONGITUD FIJA--INFORMACIÓN GENERAL
campo de control de longitud fija 090319s19842002mx r 000 0 spa d
020 ## - NÚMERO INTERNACIONAL NORMALIZADO PARA LIBROS
Número Internacional Estándar del Libro 8429151346
035 ## - NÚMERO DE CONTROL DEL SISTEMA
Número de control de sistema UPN01000169953
049 ## - COLECCIÓN
Colección CG
050 #4 - SIGNATURA TOPOGRÁFICA DE LA BIBLIOTECA DEL CONGRESO
Número de clasificación QA95
Número de documento/Ítem R6.2
100 1# - ASIENTO PRINCIPAL--NOMBRE PERSONAL
Nombre de persona Rodríguez Vidal, Rafael
245 10 - MENCIÓN DE TÍTULO
Título Diversiones matemáticas :
Resto del título juegos y comentarios al margen de la clase /
Mención de responsabilidad, etc. Rafael Rodríguez Vidal.
260 ## - PUBLICACIÓN, DISTRIBUCIÓN, ETC.
Lugar de publicación, distribución, etc. Barcelona, Esp. :
Nombre del editor, distribuidor, etc. Reverté,
Fecha de publicación, distribución, etc. 1984 (2002 impr.).
300 ## - DESCRIPCIÓN FÍSICA
Extensión 188 p. :
Otras características físicas il.
650 #0 - ASIENTO SECUNDARIO DE MATERIA - TERMINO TEMATICO
Término de materia o nombre geográfico como elemento de entrada Recreaciones matemáticas
9 (RLIN) 6050
905 ## - TIPO DE MATERIAL
Tipo de material Libro
Holdings
Estado de retiro Estado de pérdida Fuente del sistema de clasificación o colocación Estado dañado No para préstamo Código de colección Localización permanente Ubicación/localización actual Ubicación en estantería Total de préstamos Clasificación Código de barras Fecha visto por última vez Número de copia Tipo de ítem Koha
    Library of Congress Classification     Colección General Bib. Gregorio Torres Quintero Bib. Gregorio Torres Quintero Planta baja 10 QA95 R6.2 256550 31/12/2020 1 Libro